Ebora / [por] Xosé Carlos Caneiro

Furkejuvvon:
Bibliográfalaš dieđut
Váldodahkki: Caneiro, Xosé Carlos (autor)
Materiálatiipa: Girji
Fáttát:
Fáddágilkorat: Lasit fáddágilkoriid
Eai fáddágilkorat, Lasit vuosttaš fáddágilkora!

MARC

LEADER 00000nam^a2200000^u^4500
001 000546081
005 20250521000000.0
008 060220s1000^^^^^^^^^^^^r^^^^^000^0^spa^d
009 20260310131402.641
022 |a 9788483025970 
035 |a FMI 000015589 
037 |a Acervo Xavier Clavigero 
096 |a 9.1.1/235/E 
100 |a Caneiro, Xosé Carlos  |e (autor) 
245 1 0 |a Ebora / [por] Xosé Carlos Caneiro 
264 |a Portugal : Xerais, c2000 
300 |a 459 p. 
336 |a texto  |b txt  |2 rdacontenido 
337 |a sin mediación  |b n  |2 rdamedio 
338 |a volumen  |b nc  |2 rdasoporte 
649 |a XX 
650 |a Novela portuguesa -- Siglo XX 
910 |a Fondo Francisco Migoya Covarrubias S.J. 
920 |a Impresos - Libros 
930 |a Fondos Especiales 
905 |a 134 
901 |a SBC23907  |b IT2  |c ESP  |u 20250521 
902 |a https://opac.biblio.iteso.mx/vufind/Record/000546081